000 01611nam a2200277 i 4500
001 189889
003 SpMaBN
005 20230906223600.0
008 191218s1993 ck b |||| |dspa d
020 _a958-643-161-4
080 _a017.2 Santander, Francisco de Paula
080 _a930.255(861 B.)
080 _a012 Santander, Francisco de Paula
245 0 0 _aSantander y los libros.
250 _a1ª ed.
260 _aBogotá :
_bFundación Francisco de Paula Santander,
_c1993.
300 _a3 v. ;
_c28 cm.
505 8 _aContiene: I ;
_tEl Archivo Santander /
_rLuis Horacio López Domínguez con la colaboración de Ricardo Ladino Rodríguez - II. --
_tPerfil biográfico y catálogo de la Biblioteca que perteneció al general Santander. Textos y cronologías /
_rLuis Horacio López Martínez ... [et al.]. Catálogo general de la Biblioteca de Santander /
_rEduardo Ruiz Martínez - III. --
_tCatálogo bibliográfico /
_rLuis Horacio López Domínguez con la colaboración de Ricardo Ladino Rodríguez
594 _aEn port.: Fundación para la Conmemoración del Bicentenario del Natalicio y el Sesquicentenario de la Muerte del General Francisco de Paula Santander. Biblioteca de la Presidencia de la República.
600 1 7 _aSantander, Francisco de Paula-
_xBiblioteca-
_vCatálogos.
_9169156
600 1 7 _aSantander, Francisco de Paula-
_xArchivo-
_vCatálogos.
_9169157
600 1 7 _aSantander, Francisco de Paula-
_vBibliografías.
_9169158
700 1 _aLópez Domínguez, Luis Horacio.
_9142739
700 1 _aSantander, Francisco de Paula.
_9142712
852 _aES-MaACL
_jL-32470-72
999 _c189889
_d189889